La vida municipal (Record no. 141258)

MARC details
000 -LEADER
campo de control de longitud fija 00660nam a2200181 i 4500
001 - NÚMERO DE CONTROL
campo de control 141258
003 - IDENTIFICADOR DE NÚMERO DE CONTROL
campo de control ES-MaACL
005 - FECHA Y HORA DE LA ÚLTIMA TRANSACCIÓN
campo de control 20240511063037.0
007 - CAMPO FIJO DE DESCRIPCIÓN FÍSICA--INFORMACIÓN GENERAL
campo de control de longitud fija t|
008 - DATOS DE LONGITUD FIJA--INFORMACIÓN GENERAL
campo de control de longitud fija 070920s1925 sp ||||1| spa d
100 1# - ENTRADA PRINCIPAL--NOMBRE DE PERSONA
Nombre de persona Villar Grangel, Domingo,
Fechas asociadas al nombre 1882-1933
9 (RLIN) 115090
245 13 - MENCIÓN DEL TÍTULO
Título La vida municipal
Resto del título : conferencia pronunciada en la Universidad de San Fernando de La Laguna (Canarias) el día 10 de Abril de 1925 /
Mención de responsabilidad, etc. por Domingo Villar Grangel.
260 ## - PUBLICACIÓN, DISTRIBUCIÓN, ETC.
Lugar de publicación, distribución, etc. Santa Cruz de Tenerife :
Nombre del editor, distribuidor, etc. [s.n.],
Fecha de publicación, distribución, etc. 1925 (
Fabricante A. Romero)
300 ## - DESCRIPCIÓN FÍSICA
Extensión 27 p. ;
Dimensiones 19 cm.
650 14 - PUNTO DE ACCESO ADICIONAL DE MATERIA--TÉRMINO DE MATERIA
Término de materia o nombre geográfico como elemento de entrada Municipios-
Subdivisión geográfica España.
9 (RLIN) 15357
852 ## - LOCALIZACIÓN
Ubicación ES-MaACL
Número de control de estantería 1690-F-1
Holdings
Estatus retirado Estado de pérdida Estado de daño No para préstamo Colección Biblioteca de origen Biblioteca actual Ubicación en estantería Fecha de adquisición Fuente de adquisición Total de préstamos Signatura topográfica completa Código de barras Visto por última vez Precio de reemplazo Tipo de ítem Koha
        Colección de folletos Biblioteca del Ateneo de Madrid Biblioteca del Ateneo de Madrid Depósito folletos 17/01/2008     1690-F-1 1146981 23/02/2023 23/02/2023 Folleto